000 00537nam a22001697a 4500
005 20251108164050.0
008 250721s1986 xx 000 0 ara d
082 1 4 _a323.4076/ليف
100 1 _aليفين، ليا
245 1 0 _aحقوق الإنسان :
_bأسئلة و أجوبة /
264 1 _aالقاهرة :
_bإتحاد المحامين العرب،
_c1986.
300 _a102ص
650 1 7 _aالحقوق المدنية و السياسية
650 1 7 _aالأسئلة و الأجوبة
942 _2ddc
_cBK
999 _c2750
_d2750